000
00313nam a22001217a 4500
008
181126b xxu||||| |||| 00| 0 eng d
041
_a
eng
080
_a
043.3
100
_a
0
101
_a
MTH-SHKI
245
_a
Application of Machine Learning in. Net Programming for Data Analysis
_c
Gashi, K
942
_2
udc
_c
BK
999
_c
52539
_d
52539